000 00390nam a2200157Ia 4500
008 210716s2007 xx 000 0 und d
020 _a8177585436
041 _aeng
082 _a005.30287 DUSE
100 _aDustin, Elfriede.
245 _aEffective software testing.
250 _a1
260 _aNew Delhi
_bPearson Education
_c2007
300 _a287,4
650 _aSoftware Testing
999 _c190874
_d190874